000 00543 a2200193 4500
005 20260203161110.0
008 260203b |||||||| |||| 00| 0 eng d
020 _a9789387363076
_cRs. 1200.00
040 _aMAIN
082 _a796.072
_bR765R
100 _aRout, Manamohan, ed.
245 _aResearch process in physical education and sports science
260 _bSports Publication
_c2023
_aNew Delhi
300 _a329
650 _aPhysical Education
650 _aSports Science
650 _aResearch Process- Sports
942 _cBK
999 _c394063
_d394063